| LEADER 00000nam 2200000uu 4500 |
| 001 208491 |
| 003 ULIBM |
| 008 121105s2554||||th 000 0 tha d |
| 020 ^a9786169010203
|
| 040 ^absi
|
| 041 0 ^atha^beng
|
| 060 04 ^aWS330^bC337 2554
|
| 245 00 ^aCase study in pediatric endocrinology.^nvolume 3 /^cกองบรรณาธิการ, อวยพร ปะนะมณฑา, เปรมฤดี ภูมิถาวร, สุภาพ อรุณภาคมงคล
|
| 246 31 ^aCase study in pediatric endocrinology volume 3/2011
|
| 260 ^aกรุงเทพฯ :^bชมรมต่อมไร้ท่อเด็กและวัยรุ่นแห่งประเทศไทย,^c2554
|
| 300 ^a174 หน้า :^bภาพประกอบ ;^c19 ซม.
|
| 650 4 ^aต่อมไร้ท่อ, โรค^xในวัยทารกและวัยเด็ก
|
| 650 4 ^aต่อมไร้ท่อ, วิทยา^xในวัยทารกและวัยเด็ก
|
| 700 0 ^aอวยพร ปะนะมณฑา,^eบรรณาธิการ
|
| 700 0 ^aเปรมฤดี ภูมิถาวร,^eบรรณาธิการ
|
| 700 0 ^aสุภาพ อรุณภาคมงคล,^eบรรณาธิการ
|
| 710 2 ^aชมรมต่อมไร้ท่อเด็กและวัยรุ่นแห่งประเทศไทย
|
| 999 ^aใช้งานได้ทุกระบบ
|